书目信息 |
| 题名: |
体能主导类快速力量性项群运动员竞技能力状态转移的时空协同理论
|
|
| 作者: | 张英波 著 | |
| 分册: | ||
| 出版信息: | 北京 北京体育大学出版社 2002 |
|
| 页数: | 177页 | |
| 开本: | 20cm | |
| 丛书名: | 北京体育大学博士学位论文丛书 | |
| 单 册: | ||
| 中图分类: | G804.22 | |
| 科图分类: | ||
| 主题词: | 运动员--竞技状态--协同学--研究 , CT--S041065--竞技状态 , CT--S082746--协同学 , CT--S092410--运动员 | |
| 电子资源: | ||
| ISBN: | 7-81051-641-8 | |
| 000 | 01717nam0 2200397 450 | |
| 000 | 01680nam0 2200385 450 | |
| 000 | 01643nam0 2200373 450 | |
| 000 | 01606nam0 2200361 450 | |
| 000 | 01605nam0 2200373 450 | |
| 000 | 01551nam0 2200349 450 | |
| 000 | 01505nam0 2200337 450 | |
| 000 | 01468oam2 2200325 45 | |
| 001 | 012002041903 | |
| 005 | 20070729101827.09 | |
| 010 | @a7-81051-641-8@dCNY10.00 | |
| 100 | @a20020521d2002 kemy0chiy0110 ea | |
| 101 | 0 | @achi |
| 102 | @aCN@b110000 | |
| 105 | @ay z 000yy | |
| 200 | 1 | @a体能主导类快速力量性项群运动员竞技能力状态转移的时空协同理论@Ati neng zhu dao lei kuai su li liang xing xiang qun yun dong yuan jing ji neng li zhuang tai zhuan yi de shi kong xie tong li lun@f张英波著 |
| 210 | @a北京@c北京体育大学出版社@d2002 | |
| 215 | @a177页@d20cm | |
| 225 | 2 | @a北京体育大学博士学位论文丛书 |
| 314 | @a张英波(1963~),生于河北省保定市。北京体育大学竞技体育学校教练。著有《体能主导类快速力量性项群运动员竞技能力状态转移的时空协同理论》等。 | |
| 330 | @a本书从协同学的现代科学方法论观点出发,提出了运动训练内容与方法、运动训练过程、运动训练计划与实施均为运动员竞技能力状态转移时空协同体系的具体构成因素和操作方式。 | |
| 461 | 0 | @12001 @a北京体育大学博士学位论文丛书 |
| 510 | 1 | @aWashout Study for Selection of Indirect and Potential Markers in Detection of Exogenous Growth Hormone Abuse in Athletes@zeng |
| 606 | 0 | @a运动员@x竞技状态@x协同学@x研究 |
| 606 | 0 | @2CT@3S041065@a竞技状态 |
| 606 | 0 | @2CT@3S082746@a协同学 |
| 606 | 0 | @2CT@3S092410@a运动员 |
| 690 | @aG804.22@v4 | |
| 701 | 0 | @a张英波@Azhang ying bo@4著 |
| 801 | 0 | @aCN@bJiuFeng@c20070729 |
| 905 | @a10447@dG804.22@e294 | |
| 体能主导类快速力量性项群运动员竞技能力状态转移的时空协同理论/张英波著.-北京:北京体育大学出版社,2002 |
| 177页;20cm.-(北京体育大学博士学位论文丛书) |
| ISBN 7-81051-641-8:CNY10.00 |
| 本书从协同学的现代科学方法论观点出发,提出了运动训练内容与方法、运动训练过程、运动训练计划与实施均为运动员竞技能力状态转移时空协同体系的具体构成因素和操作方式。 |
| ● |
| 相关链接 |
|
|
|
|
正题名:体能主导类快速力量性项群运动员竞技能力状态转移的时空协同理论
索取号:G804.22/294
 
预约/预借
| 序号 | 登录号 | 条形码 | 馆藏地/架位号 | 状态 | 备注 |
| 1 | 0784024 | 207840247 | 第一样本阅览室/ [索取号:G804.22/294] | 在馆 | |
| 2 | 0784025 | 207840256 | 第四借阅区/ [索取号:G804.22/294] | 在馆 | |
| 3 | 0784365 | 207843654 | 第四借阅区/ [索取号:G804.22/294] | 在馆 |